[Event "WC-2016-Q-00014"]
[Site "LSS email"]
[Date "2013.10.22"]
[Round "?"]
[White "Lehnberger, Karl"]
[Black "Bergmann, Michael"]
[Result "1/2-1/2"]
[WhiteElo "2276"]
[BlackElo "2519"]
[PlyCount "57"]
[EventDate "2013.10.27"]
[EventType "tourn (corr)"]
[EventRounds "12"]
[EventCountry "GER"]
[SourceTitle "Corr 2022"]
[Source "ChessBase"]
[SourceDate "2021.10.24"]
[SourceVersion "1"]
[SourceVersionDate "2021.10.24"]
[SourceQuality "1"]

1. e4 c5 2. Nf3 d6 3. d4 cxd4 4. Nxd4 Nf6 5. Nc3 a6 6. Bg5 e6 7. f4 Qb6 8. Qd2 Qxb2 9. Rb1 Qa3 10. e5 h6 11. Bh4 dxe5 12. fxe5 g5 13. exf6 gxh4 14. Be2 Qa5 15. 0-0 Nd7 16. Kh1 Qg5 17. Rf4 e5 18. Nd5 exd4 19. Qxd4 Kd8 20. Ne7 Qe5 21. Qd2 Bxe7 22. fxe7+ Qxe7 23. Bg4 f5 24. Rxf5 Re8 25. Rd1 Kc7 26. Rf7 Qxf7 27. Qd6+ Kd8 28. Qb6+ Ke7 29. Qd6+ 1/2-1/2

[Event "WC-2016-Q-00014"]
[Site "LSS email"]
[Date "2013.10.22"]
[Round "?"]
[White "Lehnberger, Karl"]
[Black "Cornel, Matei"]
[Result "1/2-1/2"]
[WhiteElo "2178"]
[BlackElo "2357"]
[PlyCount "54"]
[EventDate "2013.10.27"]
[EventType "tourn (corr)"]
[EventRounds "12"]
[EventCountry "GER"]
[SourceTitle "Corr 2015"]
[Source "ChessBase"]
[SourceDate "2015.07.17"]
[SourceVersion "1"]
[SourceVersionDate "2015.07.17"]
[SourceQuality "1"]

1. e4 e6 2. d4 d5 3. Nc3 Nf6 4. e5 Nfd7 5. f4 c5 6. Nf3 Nc6 7. Be3 cxd4 8. Nxd4 Qb6 9. Qd2 Qxb2 10. Rb1 Qa3 11. Bb5 Nxd4 12. Bxd4 a6 13. Bxd7+ Bxd7 14. Rb3 Qe7 15. Rxb7 Rc8 16. 0-0 Qa3 17. Rfb1 Bc5 18. Ne2 h6 19. Bxc5 Qxc5+ 20. Nd4 Bc6 21. R7b3 0-0 22. Rg3 Bd7 23. Kh1 Rb8 24. Rbb3 Kh7 25. Qd3+ g6 26. h4 Qe7 27. Rh3 Bb5 1/2-1/2

[Event "WC-2016-Q-00014"]
[Site "LSS email"]
[Date "2013.10.22"]
[Round "?"]
[White "Lehnberger, Karl"]
[Black "Roques, Pascal"]
[Result "1/2-1/2"]
[WhiteElo "2178"]
[BlackElo "2226"]
[PlyCount "60"]
[EventDate "2013.10.27"]
[EventType "tourn (corr)"]
[EventRounds "12"]
[EventCountry "GER"]
[SourceTitle "Corr 2015"]
[Source "ChessBase"]
[SourceDate "2015.07.17"]
[SourceVersion "1"]
[SourceVersionDate "2015.07.17"]
[SourceQuality "1"]

1. e4 c5 2. Nf3 d6 3. d4 cxd4 4. Nxd4 Nf6 5. Nc3 a6 6. Be3 e5 7. Nb3 Be7 8. f3 Be6 9. Qd2 0-0 10. 0-0-0 a5 11. a4 Nc6 12. g4 Nb4 13. Kb1 Rc8 14. h4 d5 15. g5 Ne8 16. exd5 Bf5 17. Na1 Nd6 18. h5 Qd7 19. h6 g6 20. Bb6 Rxc3 21. bxc3 Qxa4 22. cxb4 axb4 23. Qc1 Rc8 24. Qb2 Rc3 25. Rg1 Ra3 26. Rc1 Rxf3 27. Qxe5 f6 28. Qxe7 Rb3+ 29. Nxb3 Qxb3+ 30. Ka1 Qa3+ 1/2-1/2

[Event "WC-2016-Q-00014"]
[Site "LSS email"]
[Date "2013.10.22"]
[Round "?"]
[White "Roques, Pascal"]
[Black "Lehnberger, Karl"]
[Result "1/2-1/2"]
[WhiteElo "2226"]
[BlackElo "2178"]
[PlyCount "68"]
[EventDate "2013.10.27"]
[EventType "tourn (corr)"]
[EventRounds "12"]
[EventCountry "GER"]
[SourceTitle "Corr 2015"]
[Source "ChessBase"]
[SourceDate "2015.07.17"]
[SourceVersion "1"]
[SourceVersionDate "2015.07.17"]
[SourceQuality "1"]

1. e4 c5 2. Nf3 Nc6 3. d4 cxd4 4. Nxd4 e5 5. Nb5 d6 6. c4 Be7 7. N1c3 a6 8. Na3 f5 9. exf5 Bxf5 10. Bd3 Be6 11. Nc2 Nf6 12. 0-0 0-0 13. b3 Rc8 14. Ne3 g6 15. Bb2 Nd4 16. Qd2 Rf7 17. Rad1 Bf8 18. Ne4 Bh6 19. Bb1 Nxe4 20. Bxe4 Qh4 21. Qd3 Bg7 22. Bxd4 exd4 23. Bd5 Qe7 24. Bxe6 Qxe6 25. Nd5 Re8 26. Qd2 Qf5 27. Rfe1 Rxe1+ 28. Rxe1 Be5 29. a4 g5 30. h3 h5 31. Rf1 Kg7 32. a5 g4 33. h4 Qg6 34. b4 Rf8 1/2-1/2

[Event "WC-2016-Q-00014"]
[Site "LSS email"]
[Date "2013.10.22"]
[Round "?"]
[White "Sukhorskij, Vladimir Stanislavo"]
[Black "Lehnberger, Karl"]
[Result "0-1"]
[WhiteElo "1965"]
[BlackElo "2178"]
[PlyCount "70"]
[EventDate "2013.10.27"]
[EventType "tourn (corr)"]
[EventRounds "12"]
[EventCountry "GER"]
[SourceTitle "Corr 2015"]
[Source "ChessBase"]
[SourceDate "2015.07.17"]
[SourceVersion "1"]
[SourceVersionDate "2015.07.17"]
[SourceQuality "1"]

1. e4 c5 2. Nf3 d6 3. d4 cxd4 4. Nxd4 Nf6 5. Nc3 a6 6. Bg5 e6 7. f4 Qb6 8. Qd2 Qxb2 9. Rb1 Qa3 10. e5 h6 11. Bh4 dxe5 12. fxe5 g5 13. exf6 gxh4 14. Be2 Qa5 15. 0-0 Nd7 16. Kh1 Qg5 17. Rf4 e5 18. Nd5 exd4 19. Nc7+ Kd8 20. Nxa8 d3 21. Bxd3 Bd6 22. Rbf1 Bxf4 23. Rxf4 Re8 24. h3 Re6 25. Qb4 Qc5 26. Qxc5 Nxc5 27. Bc4 Re4 28. Rxe4 Nxe4 29. Bxf7 Nxf6 30. Nb6 Bf5 31. Nd5 Bxc2 32. Nxf6 Ke7 33. Bd5 Kxf6 34. Bxb7 a5 35. Kg1 Ke5 0-1